00000000nam##2200000za#4500
0019.534510
003CaOODSP
00520210615083521
007ta
008150406|2000||||xxc|||||     f|0| 0 eng|d
020 |a0-662-65247-9
040 |aCaOODSP|beng
041 |aeng
041 |afre
043 |an-cn---
0861 |aJS73-2/7
1102 |aCanadian Security Intelligence Service.
24510|aTransnational criminal activity : |ba global context
260 |aOttawa - Ontario : |bSolicitor General Canada. |c2000.
300 |aEnglish text, 12p. : |breferences, tables ; |c28 cm.
4901 |aPerspectives|v2000/7
546 |aBilingual
563 |aSoftcover
590 |a00-37|b2000-09-15
69007|aOrganized crime|2gcpds
69007|aNational security|2gcpds
792 |tLa criminalité transnationale : |efre|w(CaOODSP)9.534511
830#0|aPerspectives ;|v2000/7|w(CaOODSP)9.509450